00477cam a22001692 4500001001100000005001700011008004100028020001500069040001500084245006300099250001200162260004600174300001300220650003900233700003200272852000300304000002034320151217161200.0110913s xx 000 0 eng d c0192807007 aKABUcKABU12aA dictionary of world history. /cedited by Edmund Wright. a2nd ed. aOxford :bOxford University Press,c2006. av,714 p. 0aHistoryvDictionaries.@00001805341 aWright, Edmund.@00001805551